Countries With Only Northern Neighbours (by Northernmost point) - Statistics

General Stats
  • This quiz has been taken 1,088 times
    831 since last reset
  • The average score is 21 of 34
Answer Stats
# B Northernmost lat COUNTRY % Correct
1 38°37'N South Korea
86%
1 55°26'N Ireland
82%
1 28°34'S Lesotho
80%
1 43°59'N San Marino
78%
1 41°54'N Vatican City
77%
2 69°04'N Sweden
76%
2 25°44'S Eswatini
74%
1 43°45'N Monaco
74%
1 42°07'N Portugal
74%
1 19°55'N Dominican Republic
73%
2 19°00'N Yemen
73%
1 08°19'S East Timor
70%
2 30°05'S Uruguay
68%
2 42°39'N Andorra
67%
4 41°43'N Greece
66%
2 47°14'N Liechtenstein
65%
1 05°04'N Brunei
64%
3 26°05'N United Arab Emirates
64%
1 13°49'N Gambia
63%
1 01°15'S Papua New Guinea
63%
3 50°11'N Luxembourg
62%
3 14°30'N Cambodia
61%
2 28°20'N Bhutan
57%
2 30°26'N Nepal
56%
3 11°08'N Togo
53%
2 26°38'N Bangladesh
52%
2 30°06'N Kuwait
52%
2 52º09'N Mongolia
49%
3 08°33'N Liberia
46%
2 14°26'N El Salvador
45%
2 09°38'N Panama
42%
3 02°18'S Burundi
40%
2 12°41'N Guinea-Bissau
35%
3 02°19'N Gabon
28%
No matching quizzes found
Score Distribution
Percent of People with Each Score
Percentile by Number Answered
Your Score History
You have not taken this quiz since the last reset